History - World | 7 | 5 | 0 | 0 | 155 | 40 | 63.25 | 0 | 4 |
History - European | 5 | 2 | 0 | 0 | 95 | 27 | 64.71 | 0 | 1 |
History - American | 2 | 6 | 0 | 0 | 90 | 36 | 75.75 | 0 | 3 |
History - Cross, Historiography, and Miscellaneous | 3 | 4 | 0 | 0 | 85 | 38 | 60.71 | 1 | 2 |
RMP - World Mythology | 2 | 2 | 0 | 0 | 50 | 61 | 71.50 | 1 | 2 |
Current Events - U.S. | 2 | 1 | 0 | 0 | 40 | 55 | 70.00 | 0 | 0 |
Fine Arts - Painting | 2 | 1 | 0 | 0 | 40 | 33 | 50.33 | 0 | 1 |
Fine Arts - Miscellaneous | 0 | 4 | 0 | 0 | 40 | 67 | 98.00 | 0 | 1 |
Current Events - World | 1 | 2 | 0 | 0 | 35 | 72 | 75.00 | 0 | 0 |
RMP - Philosophy | 1 | 1 | 0 | 0 | 25 | 54 | 69.50 | 0 | 0 |
RMP - Islam | 0 | 2 | 0 | 0 | 20 | 90 | 90.50 | 0 | 0 |
Geography - World | 0 | 2 | 0 | 0 | 20 | 68 | 71.00 | 0 | 0 |
Fine Arts - Music | 0 | 2 | 0 | 0 | 20 | 109 | 113.00 | 0 | 0 |
Fine Arts - Photography | 1 | 0 | 0 | 0 | 15 | 32 | 32.00 | 1 | 1 |
Literature - World and Miscellaneous | 1 | 0 | 0 | 0 | 15 | 54 | 54.00 | 1 | 1 |
RMP - Other Religion | 1 | 0 | 0 | 0 | 15 | 55 | 55.00 | 0 | 0 |
RMP - Buddhism | 1 | 0 | 0 | 0 | 15 | 65 | 65.00 | 0 | 0 |
Geography - Europe | 1 | 0 | 0 | 0 | 15 | 15 | 15.00 | 1 | 1 |
Social Science - Sociology | 0 | 1 | 0 | 0 | 10 | 74 | 74.00 | 0 | 0 |
Fine Arts - Architecture | 0 | 1 | 0 | 0 | 10 | 100 | 100.00 | 0 | 0 |
Fine Arts - Jazz | 0 | 1 | 0 | 0 | 10 | 89 | 89.00 | 0 | 0 |
Literature - American | 0 | 1 | 0 | 0 | 10 | 122 | 122.00 | 0 | 0 |
Literature - British | 0 | 1 | 0 | 0 | 10 | 92 | 92.00 | 0 | 0 |
RMP - Jewish Practice | 0 | 1 | 0 | 0 | 10 | 83 | 83.00 | 0 | 0 |
Science - Physics | 0 | 1 | 0 | 0 | 10 | 112 | 112.00 | 0 | 0 |
Social Science - Economics | 0 | 1 | 0 | 0 | 10 | 69 | 69.00 | 0 | 0 |
Social Science - Other | 0 | 1 | 0 | 0 | 10 | 81 | 81.00 | 0 | 0 |
Geography - United States | 0 | 0 | 0 | 0 | 0 | | 0.00 | 0 | 0 |
RMP - Hinduism | 0 | 0 | 0 | 0 | 0 | | 0.00 | 0 | 0 |
Literature - European | 0 | 0 | 0 | 0 | 0 | | 0.00 | 0 | 0 |
Science - Engineering and Miscellaneous | 0 | 0 | 0 | 0 | 0 | | 0.00 | 0 | 0 |